True or False - Eminem Albums - Statistics

General Stats
  • This quiz has been taken 41 times
  • The average score is 14 of 15
Answer Stats
Question Answer % Correct
Encore Made by Eminem
100%
The Forever Story Not Made by Eminem
100%
The Marshall Mathers LP Made by Eminem
97%
Kamikaze Made by Eminem
97%
The Eminem Show Made by Eminem
97%
The Death of Slim Shady Made by Eminem
97%
To Pimp A Butterfly Not Made by Eminem
97%
DAMN. Not Made by Eminem
97%
Get Rich Or Die Tryin' Not Made by Eminem
97%
For Your Eyez Only Not Made by Eminem
97%
Infinite Made by Eminem
94%
Illmatic Not Made by Eminem
94%
The Massacre Not Made by Eminem
94%
Music To Be Murdered By Made by Eminem
91%
Graduation Not Made by Eminem
91%
No matching quizzes found
Score Distribution
Percent of People with Each Score
Percentile by Number Answered
Your Score History
You have not taken this quiz